000 00771nam a2200265 a 4500
001 25547
003 CO-ViMGA
008 141112s2004 ck r 000 u spa d
020 _a9789500603348
040 _aCO-ViMGA
_bspa
_cCO-ViMGA
041 _aSPA
082 0 4 _a570 B36
100 1 _aCurtis, Helena
_948684
245 1 0 _aBiología /
_cHelena Curtis ... [et al.]
250 _a7a ed., 6a reimp.
260 _aBuenos Aires :
_bEditorial Médica PanAméricana,
_c2013
300 _a1520 p. : il. col., fotos col.
500 _aIncluye glosario e índice analítico
650 1 4 _aBIOLOGIA
_917382
650 1 4 _aECOLOGIA
_9445
650 1 4 _aEVOLUCION (BIOLOGIA)
_939036
650 1 4 _aREPRODUCCION
_922133
650 1 4 _aVIDA (BIOLOGIA)
_939037
942 _2ddc
_cBK
999 _c5126
_d5126